| 000 | 00572nam a2200181Ia 4500 | ||
|---|---|---|---|
| 003 | PILC | ||
| 005 | 20160218123331.0 | ||
| 008 | 140429s9999 xx 000 0 und d | ||
| 020 | _a9780802865656 | ||
| 050 |
_aBV 4635 _b.B45 2012 |
||
| 245 |
_aBeing good : _bchristian virtues for everyday life / _cedited by Michael W. Austin and R. Douglas Geivett. |
||
| 260 |
_aUnited Kingdom : _bWilliam B. Eerdmans Pub. Co., _c2012. |
||
| 300 |
_a284 pages ; _c23 cm. |
||
| 500 | _aIncludes indexes. | ||
| 650 | _aTheological virtues. | ||
| 942 |
_kFOR _cBK _2lcc |
||
| 999 |
_c115748 _d115748 |
||